[Event "XV Weekend"]
[Site "Cavarzere ITA"]
[Date "2012.10.21"]
[Round "2"]
[White "Desideri, Alessandro"]
[Black "Bau', Lorenzo"]
[WhiteElo "1800"]
[BlackElo "1467"]
[Result "1-0"]
[PlyCount "121"]
[EventDate "2012.10.20"]

1. e4 c5 2. Nf3 Nc6 3. d3 d6 4. Nbd2 g6 5. g3 Bg7 6. Bg2 e5 7. O-O Nf6 8. Re1
O-O 9. c3 Rb8 10. a3 b6 11. b4 Re8 12. Bb2 Qc7 13. b5 Nd8 14. d4 Nh5 15. a4 Bf6
16. dxe5 dxe5 17. Nc4 Nb7 18. Ne3 Be6 19. c4 Rbd8 20. Qc2 Qb8 21. Bc3 h6 22.
Qb2 Bc8 23. Nd5 Bg7 24. Nd2 g5 25. Nf1 Nd6 26. Nfe3 Be6 27. Qe2 Bxd5 28. Nxd5
Nf6 29. Rad1 Nd7 30. Ne3 Rf8 31. Nd5 Rfe8 32. Bf1 f6 33. Qg4 Nf7 34. Ne3 Nd6
35. Bd3 Rf8 36. Bb1 Rf7 37. Kg2 Nf8 38. Rd5 Ng6 39. Red1 Rfd7 40. Qe6+ Kh8 41.
Qh3 Ne7 42. R5d2 Ng8 43. Nf5 Qc7 44. Ne3 Ne7 45. Qg4 Qb8 46. h4 Ng8 47. hxg5
fxg5 48. f3 Nf6 49. Qh3 Qc7 50. Bxe5 Nfe8 51. Qxh6+ Kg8 52. Qxg5 Nxe4 53. Rxd7
Rxd7 54. Bxe4 Qxe5 55. Qxe5 Bxe5 56. Rxd7 Nf6 57. Bd5+ Kf8 58. Rxa7 Nh5 59.
Rf7+ Ke8 60. Rf5 Bd4 61. Rxh5 1-0

[Event "XV Weekend"]
[Site "Cavarzere ITA"]
[Date "2012.10.21"]
[Round "2"]
[White "Desideri, Leonardo"]
[Black "De Marchi, Alessandro"]
[WhiteElo "1523"]
[BlackElo "1723"]
[Result "1/2-1/2"]
[PlyCount "39"]
[EventDate "2012.10.20"]

1. e4 d5 2. exd5 Nf6 3. d4 Nxd5 4. c4 Nf6 5. Nc3 g6 6. h3 Bg7 7. Nf3 O-O 8. Be3
Bf5 9. Qd2 Nc6 10. g4 Bc8 11. O-O-O e5 12. Bh6 exd4 13. Bxg7 Kxg7 14. Nxd4 Nxd4
15. Qxd4 Qxd4 16. Rxd4 Be6 17. b3 Rfd8 18. Rxd8 Rxd8 19. Bg2 c6 20. Rd1 1/2-1/2

[Event "XV Weekend"]
[Site "Cavarzere ITA"]
[Date "2012.10.21"]
[Round "2"]
[White "Desideri, Pietro"]
[Black "Rossi, Gianni"]
[WhiteElo "1688"]
[BlackElo "1862"]
[Result "0-1"]
[PlyCount "78"]
[EventDate "2012.10.20"]

1. e4 Nf6 2. d3 e5 3. Nf3 Nc6 4. g3 d5 5. Nbd2 dxe4 6. dxe4 Bg4 7. Bg2 Nd4 8.
c3 Nxf3+ 9. Bxf3 Bxf3 10. Qa4+ c6 11. Nxf3 Qd3 12. Be3 b5 13. Nxe5 Qxe3+ 14.
fxe3 bxa4 15. Rf1 Rc8 16. Rd1 Bc5 17. Nc4 Nxe4 18. Rf5 O-O 19. Re5 Rfe8 20.
Rxe8+ Rxe8 21. Ne5 Rxe5 22. Rd8+ Bf8 23. Ke2 Rb5 24. Kd3 Nc5+ 25. Kc2 g6 26. c4
Rb6 27. Ra8 a6 28. Re8 Ne6 29. e4 Kg7 30. e5 Bc5 31. b3 axb3+ 32. axb3 Bd4 33.
h4 Bxe5 34. g4 Bf6 35. Kd3 Rxb3+ 36. Ke4 Bxh4 37. g5 Bxg5 38. Ke5 Bf4+ 39. Ke4
f5# 0-1

[Event "XV Weekend"]
[Site "Cavarzere ITA"]
[Date "2012.10.21"]
[Round "2"]
[White "Ferrari, Carlino"]
[Black "Cartegni, Aldo"]
[WhiteElo "1720"]
[BlackElo "1448"]
[Result "0-1"]
[PlyCount "52"]
[EventDate "2012.10.20"]

1. c4 Nf6 2. d4 g6 3. Nc3 Bg7 4. e4 d6 5. Be2 O-O 6. Be3 c6 7. Qd2 Re8 8. h3
Nbd7 9. Nf3 e5 10. Qc2 Qc7 11. O-O b6 12. Rad1 Bb7 13. Nh2 exd4 14. Bxd4 c5 15.
Bxf6 Bxe4 16. Nxe4 Nxf6 17. Nxf6+ Bxf6 18. Ng4 Bd4 19. Bf3 Rad8 20. Bd5 Kg7 21.
Qc1 Qe7 22. Rfe1 Qh4 23. Qf4 f5 24. Rxe8 Rxe8 25. Rxd4 cxd4 26. Qxd4+ Re5 0-1

[Event "XV Weekend"]
[Site "Cavarzere ITA"]
[Date "2012.10.21"]
[Round "2"]
[White "Guerra, Alessandro"]
[Black "Giuriato, Sergio"]
[WhiteElo "2199"]
[BlackElo "1981"]
[Result "1-0"]
[PlyCount "105"]
[EventDate "2012.10.20"]

1. e4 e5 2. Nf3 Nc6 3. d4 exd4 4. Bc4 Nf6 5. e5 d5 6. Bb5 Ne4 7. Nxd4 Bd7 8.
Bxc6 bxc6 9. O-O Bc5 10. c3 O-O 11. f3 Ng5 12. f4 Ne4 13. Nd2 Nxd2 14. Bxd2 f6
15. Qh5 Qe8 16. Qxe8 Raxe8 17. Rae1 fxe5 18. fxe5 Rxf1+ 19. Kxf1 Bxd4 20. cxd4
Kf7 21. Re3 Rb8 22. b4 Bc8 23. Ra3 a6 24. g4 Bb7 25. Kg2 Re8 26. Rf3+ Kg8 27.
Kg3 Bc8 28. h4 Be6 29. Rc3 Bd7 30. a4 Rb8 31. e6 Be8 32. Rc5 Kf8 33. Kf4 Rb7
34. Ke5 h6 35. h5 Kg8 36. Rc1 Rb8 37. Rf1 Rb7 38. Rg1 Kh7 39. g5 Bxh5 40. gxh6
gxh6 41. Kf6 Rb8 42. Rg7+ Kh8 43. Bxh6 Rxb4 44. Rxc7 Rxd4 45. Rxc6 Rxa4 46. Kg5
Be2 47. Rc8+ Kh7 48. Rc7+ Kh8 49. e7 Rg4+ 50. Kf6 Rg8 51. Bg7+ Kh7 52. Bf8 Rg6+
53. Ke5 1-0

[Event "XV Weekend"]
[Site "Cavarzere ITA"]
[Date "2012.10.21"]
[Round "2"]
[White "Milazzo, Mario"]
[Black "Del Monaco, Andrea"]
[WhiteElo "2075"]
[BlackElo "2275"]
[Result "0-1"]
[PlyCount "74"]
[EventDate "2012.10.20"]

1. c4 e5 2. Nc3 Nf6 3. g3 Bb4 4. Bg2 O-O 5. Nf3 Re8 6. O-O e4 7. Nd4 Nc6 8. Nc2
Bxc3 9. dxc3 h6 10. Ne3 d6 11. h3 Be6 12. Nd5 Ne5 13. b3 Nxd5 14. cxd5 Bf5 15.
Be3 Qd7 16. Kh2 f6 17. Qd2 Re7 18. c4 b6 19. Rac1 a5 20. Qc3 Qe8 21. Bf4 Nd7
22. g4 Bh7 23. a3 g5 24. Bd2 h5 25. f4 e3 26. Be1 hxg4 27. fxg5 fxg5 28. hxg4
Be4 29. Bg3 Rh7+ 30. Kg1 Bxg2 31. Kxg2 Qe4+ 32. Rf3 Ne5 33. Qxe3 Qxg4 34. Qc3
Nxf3 35. exf3 Qh3+ 36. Kf2 Qf5 37. Rg1 Re8 0-1

[Event "XV Weekend"]
[Site "Cavarzere ITA"]
[Date "2012.10.21"]
[Round "2"]
[White "Mosca, Leonildo"]
[Black "Zanirato, Stefano"]
[WhiteElo "2116"]
[BlackElo "1914"]
[Result "1-0"]
[PlyCount "77"]
[EventDate "2012.10.20"]

1. e4 Nc6 2. Nf3 a6 3. d4 d5 4. exd5 Qxd5 5. Nc3 Qh5 6. Be2 Bg4 7. O-O O-O-O 8.
h3 Bxf3 9. Bxf3 Qg6 10. Be3 h5 11. Qe2 e5 12. Bxc6 Qxc6 13. dxe5 Ne7 14. Rad1
Re8 15. Qd3 Ng6 16. f4 Bc5 17. Bxc5 Qxc5+ 18. Qd4 Qxd4+ 19. Rxd4 h4 20. Rfd1
Rd8 21. Kf2 Rxd4 22. Rxd4 Rd8 23. Rxd8+ Kxd8 24. Kf3 Kd7 25. Kg4 Kc6 26. Kg5
Ne7 27. f5 b5 28. f6 gxf6+ 29. Kxf6 b4 30. Ne2 Nc8 31. Kxf7 Kd5 32. e6 Nd6+ 33.
Ke7 Nb7 34. Nf4+ Ke4 35. Nd3 a5 36. Kd7 Kd5 37. e7 Nd6 38. Kxc7 Ne8+ 39. Kb6
1-0

[Event "XV Weekend"]
[Site "Cavarzere ITA"]
[Date "2012.10.21"]
[Round "2"]
[White "Santagati, Marco"]
[Black "Bozzao, Francesco"]
[WhiteElo "1599"]
[BlackElo "1849"]
[Result "1/2-1/2"]
[PlyCount "74"]
[EventDate "2012.10.20"]

1. d4 Nf6 2. Nc3 d5 3. Bg5 Nbd7 4. f3 h6 5. Bh4 c6 6. e4 dxe4 7. fxe4 Qa5 8.
Bd3 e5 9. Nf3 exd4 10. Nxd4 Bb4 11. O-O Bxc3 12. bxc3 Qxc3 13. Nf5 Kf8 14. Be1
Qa3 15. Bg3 Qc5+ 16. Bf2 Qa5 17. Bg3 Ne5 18. Be1 Qa3 19. Rb1 a5 20. Bg3 Bxf5
21. Rxf5 Nxd3 22. cxd3 b5 23. Qf3 Qxa2 24. Rf1 Ra7 25. Qf4 Ne8 26. Qb8 Rd7 27.
Qc8 Rxd3 28. Rxf7+ Qxf7 29. Rxf7+ Kxf7 30. Qf5+ Ke7 31. Qc5+ Kd7 32. Qa7+ Ke6
33. Qb8 Rf8 34. h3 Rd1+ 35. Kh2 a4 36. Qc8+ Ke7 37. Qxc6 Rb1 1/2-1/2

[Event "XV Weekend"]
[Site "Cavarzere ITA"]
[Date "2012.10.21"]
[Round "2"]
[White "Spano, Alfredo"]
[Black "Loris, Stefano"]
[WhiteElo "1851"]
[BlackElo "1668"]
[Result "1-0"]
[PlyCount "75"]
[EventDate "2012.10.20"]

1. d4 Nf6 2. Bf4 g6 3. Nc3 Bg7 4. e4 d6 5. Qd2 O-O 6. O-O-O b6 7. f3 Ba6 8. g4
Bxf1 9. Rxf1 c5 10. d5 Na6 11. Bh6 Nc7 12. h4 Nd7 13. h5 Bxh6 14. Qxh6 Nf6 15.
hxg6 fxg6 16. Nge2 Rf7 17. g5 Nh5 18. f4 Qf8 19. f5 Qxh6 20. gxh6 Raf8 21. Rfg1
Kh8 22. fxg6 hxg6 23. Rxg6 Rf1+ 24. Rxf1 Rxf1+ 25. Kd2 Rf7 26. Rg5 Nf6 27. Ng3
b5 28. Ke3 a6 29. Nce2 e6 30. dxe6 Nxe6 31. Rf5 Ng4+ 32. Kd2 Nxh6 33. Rh5 Kg7
34. Rd5 Rd7 35. e5 Nf7 36. exd6 Rxd6 37. Nf5+ Kf6 38. Nxd6 1-0

[Event "XV Weekend"]
[Site "Cavarzere ITA"]
[Date "2012.10.21"]
[Round "2"]
[White "Vastano, Ciro"]
[Black "Rosina, Graziano"]
[WhiteElo "1550"]
[BlackElo "1801"]
[Result "0-1"]
[PlyCount "95"]
[EventDate "2012.10.20"]

1. e4 e5 2. d4 exd4 3. c3 d5 4. exd5 Qxd5 5. Nf3 Nf6 6. Be2 dxc3 7. Qc2 Qe4 8.
Qb3 Be6 9. Qb5+ Bd7 10. Qb3 cxb2 11. Bxb2 Qb4+ 12. Nc3 Qxb3 13. axb3 Bb4 14.
O-O c6 15. Bd3 O-O 16. Nd4 Rd8 17. Nc2 Bf8 18. Rfd1 Nd5 19. Nb1 Re8 20. Nd2 Nf4
21. Be4 Be6 22. Ne3 Nd7 23. Bc2 Nb6 24. Nf3 Nbd5 25. Nxd5 Bxd5 26. Ne1 Re2 27.
Bd4 Bb4 28. Bd3 Rxe1+ 29. Rxe1 Bxe1 30. Bf1 Bb4 31. Rxa7 Rxa7 32. Bxa7 Bxb3 33.
Bb8 Ne6 34. Be5 Bc5 35. Bd3 f6 36. Bg3 Bd5 37. Kf1 b5 38. f3 g5 39. Ke1 h5 40.
h3 Nf4 41. Bf1 h4 42. Bh2 Bd6 43. Bg1 Nh5 44. Kd2 Kf7 45. Be2 Nf4 46. Bf1 Bb4+
47. Ke3 Bc5+ 48. Kd2 0-1

[Event "XV Weekend"]
[Site "Cavarzere ITA"]
[Date "2012.10.21"]
[Round "2"]
[White "Xia, Jie"]
[Black "Ravagnani, Tiziano"]
[WhiteElo "2243"]
[BlackElo "1994"]
[Result "1/2-1/2"]
[PlyCount "53"]
[EventDate "2012.10.20"]

1. d4 Nf6 2. Bg5 e6 3. e4 h6 4. Bxf6 Qxf6 5. Nf3 c5 6. c3 Nc6 7. Be2 cxd4 8.
cxd4 Bb4+ 9. Nc3 d5 10. e5 Qd8 11. O-O O-O 12. Rc1 Bd7 13. Bd3 Bxc3 14. bxc3 f5
15. exf6 Qxf6 16. Bc2 Be8 17. Qd3 Bh5 18. Nd2 Ne7 19. Qe3 Nf5 20. Bxf5 exf5 21.
Rfe1 Rfe8 22. Qd3 f4 23. Qb5 Qf7 24. c4 dxc4 25. Ne4 Rad8 26. Qxc4 Qxc4 27.
Rxc4 1/2-1/2

[Event "XV Weekend"]
[Site "Cavarzere ITA"]
[Date "2012.10.21"]
[Round "3"]
[White "Beltrame, Leonardo"]
[Black "Desideri, Pietro"]
[WhiteElo "1575"]
[BlackElo "1688"]
[Result "0-1"]
[PlyCount "114"]
[EventDate "2012.10.20"]

1. e4 c5 2. Nf3 d6 3. d4 cxd4 4. Nxd4 Nf6 5. Nc3 g6 6. Be2 Bg7 7. Be3 a6 8. O-O
Nbd7 9. Nb3 b5 10. a3 Bb7 11. Bd3 Rc8 12. Qe2 O-O 13. f4 Rxc3 14. bxc3 Nxe4 15.
Bxe4 Bxe4 16. Bd4 Bxd4+ 17. cxd4 d5 18. a4 Qc7 19. axb5 axb5 20. Ra2 b4 21. g3
e6 22. Nd2 Nf6 23. Nxe4 Nxe4 24. Rb2 Qc3 25. Rb3 Qxd4+ 26. Qe3 Qd2 27. Qd3 Ra8
28. Rb2 Qc3 29. Qxc3 bxc3 30. Rb7 Ra2 31. Rc1 Ra4 32. Rd1 Ra2 33. Rc1 h6 34.
Kf1 Kg7 35. Ke1 g5 36. Kd1 Ra4 37. Ke2 Rd4 38. Rd1 Rd2+ 39. Rxd2 cxd2 40. Kd1
Kg6 41. fxg5 hxg5 42. Rb3 g4 43. Re3 Kf5 44. Ra3 Nd6 45. Rc3 f6 46. Rc6 Nc4 47.
Ra6 e5 48. c3 e4 49. Ke2 e3 50. Ra1 Ke4 51. Rf1 Nb2 52. Rf4+ Ke5 53. Rd4 f5 54.
Rxd2 exd2 55. Kxd2 Ke4 56. Kc2 Nc4 57. Kb3 Kf3 0-1

[Event "XV Weekend"]
[Site "Cavarzere ITA"]
[Date "2012.10.21"]
[Round "3"]
[White "Boscolo, Marco"]
[Black "Cacco, Christian"]
[WhiteElo "2150"]
[BlackElo "2302"]
[Result "1-0"]
[PlyCount "70"]
[EventDate "2012.10.20"]

1. Nf3 g6 2. c4 Bg7 3. Nc3 d6 4. g3 Nf6 5. d4 O-O 6. Bg2 Na6 7. O-O c5 8. h3
Bd7 9. b3 Bc6 10. Bb2 Rb8 11. Qd2 b6 12. Rfe1 Ne4 13. Nxe4 Bxe4 14. Nh4 Bxg2
15. Nxg2 d5 16. dxc5 Bxb2 17. Qxb2 dxc4 18. cxb6 Qxb6 19. Ne3 cxb3 20. axb3 Rb7
21. Qe5 Nb4 22. Rec1 Rd8 23. Nc4 Qd4 24. Qxd4 Rxd4 25. Na5 Rb6 26. Nc4 Rb7 27.
Na5 Rbd7 28. Rc4 Rxc4 29. Nxc4 Nc2 30. Rb1 Nd4 31. Kf1 Rc7 32. Nd2 Rc2 33. Ke1
Ra2 34. Kd1 Kf8 35. e3 Ke8 1-0

[Event "XV Weekend"]
[Site "Cavarzere ITA"]
[Date "2012.10.21"]
[Round "3"]
[White "Calicchia, Giovanni"]
[Black "Desideri, Alessandro"]
[WhiteElo "1885"]
[BlackElo "1800"]
[Result "0-1"]
[PlyCount "120"]
[EventDate "2012.10.20"]

1. e4 c5 2. Nf3 d6 3. c3 Nf6 4. Be2 Nc6 5. d3 g6 6. O-O Bg7 7. d4 Nd7 8. Be3
O-O 9. Nbd2 a6 10. Nb3 b6 11. Re1 Qc7 12. Rc1 e5 13. h3 Ne7 14. Nbd2 Bb7 15.
Bd3 b5 16. dxc5 dxc5 17. Nf1 Rad8 18. Qe2 c4 19. Bb1 Nc5 20. Ng3 Nd3 21. Bxd3
Rxd3 22. Rcd1 Rfd8 23. Rxd3 Rxd3 24. Rd1 Rxd1+ 25. Qxd1 Nc8 26. Qc1 f6 27. Bh6
Qd6 28. Bxg7 Kxg7 29. Qe3 Qb6 30. Qxb6 Nxb6 31. Kf1 Na4 32. Ke2 Nxb2 33. Ne1
Kf7 34. Kd2 Ke6 35. Kc2 Na4 36. f3 Nc5 37. Nf1 f5 38. exf5+ gxf5 39. Kd2 h5 40.
h4 f4 41. g4 hxg4 42. fxg4 e4 43. Nc2 e3+ 44. Nfxe3 fxe3+ 45. Kxe3 Ke5 46. h5
Ne4 47. h6 Kf6 48. Kd4 Kg6 49. g5 Nxg5 50. Kc5 Ne4+ 51. Kb4 Kxh6 52. Ne3 Kg5
53. a4 Bc6 54. Ka5 Nxc3 55. Kxa6 Nxa4 56. Ka5 Kf4 57. Nc2 Ke4 58. Kb4 Kd3 59.
Ne1+ Kd2 60. Nf3+ Bxf3 0-1

[Event "XV Weekend"]
[Site "Cavarzere ITA"]
[Date "2012.10.21"]
[Round "3"]
[White "Cartegni, Aldo"]
[Black "Bozzao, Francesco"]
[WhiteElo "1448"]
[BlackElo "1849"]
[Result "0-1"]
[PlyCount "72"]
[EventDate "2012.10.20"]

1. d4 d5 2. Nf3 Nf6 3. e3 Bg4 4. h3 Bh5 5. g4 Bg6 6. Ne5 Nbd7 7. Nxg6 hxg6 8.
Nc3 c6 9. Bg2 e5 10. dxe5 Nxe5 11. f4 Nc4 12. a3 Bc5 13. Qe2 O-O 14. b3 Nxe3
15. Bxe3 Bxe3 16. Qf3 Re8 17. Kf1 Qc7 18. Ne2 Re4 19. g5 Nh5 20. Rd1 Rae8 21.
Qg4 R4e7 22. Bf3 Bxf4 23. Kg2 Be3 24. Rhe1 Nf4+ 25. Nxf4 Qxf4 26. Re2 Qxg4+ 27.
Bxg4 Bxg5 28. Rde1 f5 29. Rxe7 Rxe7 30. Rxe7 Bxe7 31. Bf3 Bxa3 32. h4 Kf7 33.
h5 gxh5 34. Bxh5+ g6 35. Be2 Kf6 36. Kf3 Ke5 0-1

[Event "XV Weekend"]
[Site "Cavarzere ITA"]
[Date "2012.10.21"]
[Round "3"]
[White "De Marchi, Alessandro"]
[Black "Santagati, Marco"]
[WhiteElo "1723"]
[BlackElo "1599"]
[Result "0-1"]
[PlyCount "48"]
[EventDate "2012.10.20"]

1. c4 f5 2. d4 e6 3. Nc3 Nf6 4. Nf3 d6 5. Bg5 Be7 6. e3 O-O 7. Bd3 b6 8. O-O
Bb7 9. Qe2 Ne4 10. Nxe4 fxe4 11. Bxe7 Qxe7 12. Bxe4 Bxe4 13. Nd2 Bb7 14. e4 Nd7
15. b4 Rae8 16. Rab1 Rf6 17. Rfc1 Rg6 18. f3 Nf6 19. c5 Nh5 20. Qf2 Nf4 21. Kh1
Rxg2 22. Qxg2 Nxg2 23. c6 Bc8 24. Kxg2 Qg5+ 0-1

[Event "XV Weekend"]
[Site "Cavarzere ITA"]
[Date "2012.10.21"]
[Round "3"]
[White "Del Monaco, Andrea"]
[Black "Mosca, Leonildo"]
[WhiteElo "2275"]
[BlackElo "2116"]
[Result "1-0"]
[PlyCount "59"]
[EventDate "2012.10.20"]

1. d4 Nf6 2. c4 c5 3. d5 b5 4. cxb5 a6 5. bxa6 Bxa6 6. Nc3 d6 7. e4 Bxf1 8.
Kxf1 Nbd7 9. Nf3 g6 10. g3 Bg7 11. Kg2 O-O 12. a4 Ng4 13. Qe2 Qb6 14. Nd2 Ngf6
15. Nb5 Rfb8 16. Nc4 Qb7 17. Ra3 Ne8 18. Bg5 Ndf6 19. h4 Nc7 20. Nxc7 Qxc7 21.
h5 Nxh5 22. g4 Nf6 23. Rah3 Rxa4 24. b3 Rab4 25. Bxf6 Bxf6 26. g5 Bd4 27. Rxh7
Bg7 28. Qg4 f5 29. gxf6 exf6 30. Qxg6 1-0

[Event "XV Weekend"]
[Site "Cavarzere ITA"]
[Date "2012.10.21"]
[Round "3"]
[White "Gallo, Enrico"]
[Black "Bagolin, Renzo"]
[WhiteElo "2099"]
[BlackElo "1869"]
[Result "1-0"]
[PlyCount "135"]
[EventDate "2012.10.20"]

1. e4 e6 2. d4 d5 3. Nd2 Nf6 4. e5 Nfd7 5. Bd3 c5 6. c3 Nc6 7. Ne2 cxd4 8. cxd4
Qb6 9. Nf3 Bb4+ 10. Bd2 Bxd2+ 11. Qxd2 Qb4 12. O-O Qxd2 13. Nxd2 a6 14. a3 b5
15. b4 Bb7 16. Nb3 Nb6 17. Nc5 Bc8 18. Rfc1 Nc4 19. Bxc4 dxc4 20. a4 Rb8 21.
axb5 axb5 22. Rcb1 O-O 23. Ne4 Rd8 24. Nd6 Bd7 25. f4 Ne7 26. Nc3 Nd5 27. Nxd5
exd5 28. Ra5 Ra8 29. Rba1 Rxa5 30. Rxa5 g6 31. Kf2 Rb8 32. Ke3 h5 33. Kd2 Kf8
34. Ra7 Be6 35. Kc3 Kg8 36. Nb7 Bf5 37. h4 Bg4 38. Na5 Be6 39. Nc6 Rb6 40. Ra8+
Kg7 41. Ne7 Rb7 42. Ng8 Rc7 43. Nf6 Rc8 44. Rxc8 Bxc8 45. Nxd5 Kf8 46. g3 Be6
47. Ne3 Ke7 48. d5 Bf5 49. Kd4 Kd7 50. Nd1 Kc7 51. Kc5 Bd7 52. Nc3 Be8 53. Ne4
Bd7 54. Kd4 Kd8 55. Ng5 Ke7 56. Nf3 Bf5 57. Kc5 Bd7 58. Nd4 Be8 59. f5 gxf5 60.
Nxf5+ Kd8 61. Kd6 c3 62. Nd4 Bd7 63. Kc5 Kc7 64. Nb3 c2 65. Kd4 Kb6 66. Kd3
Bf5+ 67. Kd2 Be4 68. d6 1-0

[Event "XV Weekend"]
[Site "Cavarzere ITA"]
[Date "2012.10.21"]
[Round "3"]
[White "Giuriato, Sergio"]
[Black "Spano, Alfredo"]
[WhiteElo "1981"]
[BlackElo "1851"]
[Result "1/2-1/2"]
[PlyCount "73"]
[EventDate "2012.10.20"]

1. d4 Nf6 2. c4 g6 3. Nf3 Bg7 4. g3 d6 5. Nc3 O-O 6. Bg2 Nc6 7. O-O Bf5 8. Ng5
h6 9. Nh3 Qd7 10. Nf4 e5 11. dxe5 dxe5 12. Qxd7 Bxd7 13. Nfd5 Nxd5 14. cxd5 Na5
15. b3 Rfd8 16. Ba3 Bf8 17. Bxf8 Kxf8 18. Rac1 Rac8 19. f4 exf4 20. Rxf4 b6 21.
e4 Kg7 22. Bf1 c6 23. Ba6 Rb8 24. Rcf1 Rf8 25. b4 Nb7 26. e5 cxd5 27. Nxd5 Nd8
28. Nf6 Be6 29. Rc1 b5 30. Rc5 Rb6 31. Bc8 Rc6 32. Bxe6 Rxc5 33. bxc5 Nxe6 34.
Rb4 a6 35. Ne4 Rc8 36. Rb2 Rc7 37. Rc2 1/2-1/2

[Event "XV Weekend"]
[Site "Cavarzere ITA"]
[Date "2012.10.21"]
[Round "3"]
[White "Lodici, Lorenzo"]
[Black "Desideri, Leonardo"]
[WhiteElo "1870"]
[BlackElo "1523"]
[Result "1/2-1/2"]
[PlyCount "62"]
[EventDate "2012.10.20"]

1. d4 f5 2. c4 Nf6 3. Nc3 e6 4. g3 c6 5. Bg2 d5 6. b3 Bd6 7. Nf3 O-O 8. O-O Bd7
9. Qc2 Na6 10. a3 Ne4 11. Ne5 Rc8 12. b4 b6 13. Nxd7 Qxd7 14. Nxe4 fxe4 15. Qb3
Kh8 16. Bb2 Be7 17. Bh3 Rc7 18. f3 exf3 19. exf3 Rb7 20. Rae1 Nc7 21. Qe3 dxc4
22. Bxe6 Nxe6 23. Qxe6 Qxe6 24. Rxe6 Rc7 25. Rfe1 Bf6 26. Kf2 Kg8 27. Rc1 b5
28. Rce1 Kf7 29. R1e4 Rfc8 30. Ke3 Re7 31. f4 Rd7 1/2-1/2

[Event "XV Weekend"]
[Site "Cavarzere ITA"]
[Date "2012.10.21"]
[Round "3"]
[White "Loris, Stefano"]
[Black "Ferrari, Carlino"]
[WhiteElo "1668"]
[BlackElo "1720"]
[Result "1-0"]
[PlyCount "89"]
[EventDate "2012.10.20"]

1. d4 d5 2. c4 c6 3. Nc3 Nf6 4. Nf3 Nbd7 5. Bf4 e6 6. cxd5 exd5 7. Rc1 Bb4 8.
Bd2 O-O 9. e3 Re8 10. Na4 Bd6 11. Nc3 Ne4 12. Nxe4 dxe4 13. Ng1 Nf6 14. Bc4 Be6
15. Ne2 Qd7 16. Bxe6 Rxe6 17. Nc3 Rae8 18. O-O Bb8 19. f4 exf3 20. Rxf3 Ng4 21.
Qe1 Rh6 22. h3 Nf6 23. Qf2 Qc7 24. e4 Rg6 25. e5 h6 26. exf6 Qh2+ 27. Kf1 Qd6
28. Bf4 Qb4 29. Bxb8 Rxb8 30. fxg7 Rd8 31. Re1 Rxg7 32. Re4 Qd6 33. Rf6 Qg3 34.
Qxg3 Rxg3 35. Rxh6 Kg7 36. Rhh4 Rd7 37. Rhg4+ Rxg4 38. Rxg4+ Kh6 39. Re4 f5 40.
Re6+ Kg5 41. Ne2 Rf7 42. g3 Rd7 43. Nf4 Rg7 44. Ke2 a6 45. Kd3 1-0

[Event "XV Weekend"]
[Site "Cavarzere ITA"]
[Date "2012.10.21"]
[Round "3"]
[White "Luciani, Valerio"]
[Black "Ballarin, Gabriele"]
[WhiteElo "2206"]
[BlackElo "1877"]
[Result "1-0"]
[PlyCount "59"]
[EventDate "2012.10.20"]

1. d4 d6 2. c4 e5 3. Nf3 e4 4. Ng5 f5 5. Nc3 Be7 6. Nh3 Nf6 7. e3 c6 8. Nf4 Na6
9. h4 Nc7 10. d5 O-O 11. h5 Ng4 12. Qb3 Bf6 13. Bd2 Ne5 14. c5 cxd5 15. Ncxd5
Nxd5 16. Qxd5+ Rf7 17. Bc3 Nd3+ 18. Nxd3 Bxc3+ 19. bxc3 Qf6 20. Nb2 Qxc3+ 21.
Qd2 Qe5 22. Bc4 Be6 23. Bxe6 Qxe6 24. Qxd6 Qe8 25. O-O Rd8 26. Qf4 Qb5 27. Qe5
Re8 28. Qc3 Rc8 29. Qb3 Qe8 30. Nc4 1-0

[Event "XV Weekend"]
[Site "Cavarzere ITA"]
[Date "2012.10.21"]
[Round "3"]
[White "Marchetti, Daniele"]
[Black "Vastano, Ciro"]
[WhiteElo "1712"]
[BlackElo "1550"]
[Result "1-0"]
[PlyCount "91"]
[EventDate "2012.10.20"]

1. d4 e6 2. c4 Nf6 3. Nc3 Bb4 4. a3 Bxc3+ 5. bxc3 c5 6. e3 Nc6 7. Bd3 b6 8. Nf3
d6 9. O-O O-O 10. e4 Ba6 11. Bg5 h6 12. Bh4 Na5 13. e5 Bxc4 14. Bxc4 Nxc4 15.
exf6 gxf6 16. Qc1 Kg7 17. Nd2 Na5 18. Rb1 Rc8 19. Ne4 Qc7 20. Qf4 f5 21. Qg3+
Kh7 22. Nf6+ Kh8 23. Qe3 Kg7 24. Nh5+ Kh7 25. Qg3 f6 26. Nxf6+ Rxf6 27. Bxf6
Rg8 28. Qd3 Qc6 29. f3 c4 30. Qe3 Qd7 31. Rfe1 Re8 32. Bh4 Nb3 33. Re2 Qf7 34.
Qf2 f4 35. Rbe1 Qf5 36. Re4 Kg7 37. g3 fxg3 38. hxg3 e5 39. g4 Qg6 40. dxe5 Nc5
41. Qd4 Nxe4 42. exd6+ Kg8 43. Rxe4 Rxe4 44. Qxe4 Qxd6 45. Qxc4+ Kh7 46. Qf7+
1-0

[Event "XV Weekend"]
[Site "Cavarzere ITA"]
[Date "2012.10.21"]
[Round "3"]
[White "Martarello, Andrea"]
[Black "Della Sala, Bruno"]
[WhiteElo "1467"]
[BlackElo "1901"]
[Result "0-1"]
[PlyCount "78"]
[EventDate "2012.10.20"]

1. e4 e5 2. Nf3 Nc6 3. Bb5 a6 4. Ba4 f5 5. d3 fxe4 6. Bxc6 dxc6 7. dxe4 Qxd1+
8. Kxd1 Bg4 9. Ke2 Nf6 10. Nbd2 Bd6 11. Re1 O-O 12. Kf1 h6 13. h3 Be6 14. Kg1
Nh5 15. Nf1 Nf4 16. Bxf4 Rxf4 17. b3 Bxh3 18. gxh3 Rxf3 19. Re3 Rf6 20. Ng3 g6
21. Rf1 Raf8 22. Re2 Bc5 23. Kg2 Bd4 24. f3 b5 25. Rd2 c5 26. Ne2 b4 27. Rd3
Rd6 28. f4 exf4 29. Rxf4 Be5 30. Rxf8+ Kxf8 31. Rxd6 cxd6 32. Nc1 Kf7 33. Kf3
Kf6 34. Nd3 Kg5 35. Nf2 h5 36. Nd1 Bd4 37. Kg2 Kf4 38. Kh2 Kf3 39. h4 Ke2 0-1

[Event "XV Weekend"]
[Site "Cavarzere ITA"]
[Date "2012.10.21"]
[Round "3"]
[White "Negro, Roberto"]
[Black "Guerra, Alessandro"]
[WhiteElo "2106"]
[BlackElo "2199"]
[Result "1/2-1/2"]
[PlyCount "22"]
[EventDate "2012.10.20"]

1. d4 b6 2. c4 e6 3. Nc3 Nf6 4. Nf3 Bb7 5. g3 Bb4 6. Bg2 Ne4 7. Bd2 Nxd2 8.
Qxd2 O-O 9. a3 Bxc3 10. Qxc3 d6 11. O-O Nd7 1/2-1/2

[Event "XV Weekend"]
[Site "Cavarzere ITA"]
[Date "2012.10.21"]
[Round "3"]
[White "Ravagnani, Tiziano"]
[Black "Bettera, Roberto"]
[WhiteElo "1994"]
[BlackElo "1990"]
[Result "1/2-1/2"]
[PlyCount "51"]
[EventDate "2012.10.20"]

1. e4 e5 2. Nc3 Nf6 3. Bc4 Bc5 4. Nf3 Nc6 5. d3 a6 6. Bg5 h6 7. Bh4 Be7 8. h3
d6 9. a4 O-O 10. Bxf6 Bxf6 11. Nd5 Be6 12. Ne3 Bxc4 13. Nxc4 g6 14. Qd2 Bg7 15.
Ne3 f5 16. h4 f4 17. Nd5 Kh7 18. Qc3 Qd7 19. Qb3 Rab8 20. a5 Ne7 21. Nb4 c6 22.
Ng5+ Kh8 23. Nf7+ Kh7 24. Ng5+ Kh8 25. Ne6 Rfe8 26. Ng5 1/2-1/2

[Event "XV Weekend"]
[Site "Cavarzere ITA"]
[Date "2012.10.21"]
[Round "3"]
[White "Rosina, Graziano"]
[Black "Aprile, Martino"]
[WhiteElo "1801"]
[BlackElo "1920"]
[Result "0-1"]
[PlyCount "72"]
[EventDate "2012.10.20"]

1. Nf3 Nf6 2. c4 g6 3. g3 Bg7 4. Bg2 O-O 5. O-O d6 6. Nc3 e5 7. d3 Nc6 8. Rb1
a5 9. a3 Ne8 10. b4 axb4 11. axb4 h6 12. b5 Ne7 13. Bb2 f5 14. Qb3 Be6 15. Nd2
Rb8 16. Ba3 b6 17. Nd5 f4 18. e4 g5 19. gxf4 exf4 20. h3 Ng6 21. Nf3 Qd7 22.
Kh2 Rf7 23. Bb2 Nf6 24. Nxf6+ Bxf6 25. Bxf6 Rxf6 26. Qc3 Rbf8 27. d4 Qc8 28.
Rg1 Kh7 29. Rbe1 R6f7 30. d5 Bd7 31. e5 dxe5 32. Nxe5 Nxe5 33. Rxe5 Qd8 34.
Be4+ Kg8 35. Bg6 Rg7 36. Qd3 Qf6 0-1

[Event "XV Weekend"]
[Site "Cavarzere ITA"]
[Date "2012.10.21"]
[Round "3"]
[White "Rossi, Gianni"]
[Black "Milazzo, Mario"]
[WhiteElo "1862"]
[BlackElo "2075"]
[Result "0-1"]
[PlyCount "60"]
[EventDate "2012.10.20"]

1. d4 f5 2. e4 fxe4 3. Nc3 Nf6 4. Bg5 Nc6 5. Bb5 e6 6. d5 exd5 7. Nxd5 Be7 8.
Bxc6 bxc6 9. Nxe7 Qxe7 10. Qd4 O-O 11. Ne2 Ba6 12. Nc3 d5 13. Qa4 Bb7 14. O-O
a5 15. Rfe1 Qb4 16. Rab1 Ng4 17. Be3 Qd6 18. g3 Ne5 19. Red1 Nf3+ 20. Kg2 Qe6
21. Ne2 Bc8 22. Ng1 Ba6 23. b4 Bb5 24. Qb3 axb4 25. Bc5 Rf6 26. Bxb4 Nxg1 27.
Rxg1 Be2 28. h4 Rf3 29. Qb2 e3 30. Bc5 Rxf2+ 0-1

[Event "XV Weekend"]
[Site "Cavarzere ITA"]
[Date "2012.10.21"]
[Round "3"]
[White "Xia, Jie"]
[Black "Basso, Pier Luigi"]
[WhiteElo "2243"]
[BlackElo "2105"]
[Result "1/2-1/2"]
[PlyCount "22"]
[EventDate "2012.10.20"]

1. e4 d6 2. d4 Nf6 3. Nc3 c6 4. Nf3 Bg4 5. h3 Bxf3 6. Qxf3 e6 7. Bd3 d5 8. e5
Nfd7 9. O-O c5 10. Re1 Nc6 11. Nb5 Nxd4 1/2-1/2